[Event "HZ Chess Tournament 2024"]
[Site "Vlissingen, Netherlands"]
[Date "2024.08.06"]
[Round "5.28"]
[White "Hng, Mei-En Emmanuelle"]
[Black "Oostvogels, Niek"]
[Result "1/2-1/2"]
[WhiteElo "2145"]
[BlackElo "1960"]
[PlyCount "119"]

1. e4 e6 2. d4 d5 3. Nc3 dxe4 4. Nxe4 Nd7 5. Nf3 Ngf6 6. Bg5 Be7 7. Nxf6+ Nxf6
8. Bxf6 Bxf6 9. c3 Bd7 10. Qb3 Qc8 11. Bb5 c6 12. Bd3 Qc7 13. O-O O-O 14. Qc2
g6 15. Rad1 Rad8 16. Be4 e5 17. dxe5 Bxe5 18. Nxe5 Qxe5 19. Rfe1 Qg5 20. Bf3
Bg4 21. Bxg4 Qxg4 22. h3 Qg5 23. Qe2 Rxd1 24. Rxd1 Rd8 25. Rxd8+ Qxd8 26. g3
Qd7 27. h4 c5 28. h5 Kg7 29. hxg6 Kxg6 30. Qe4+ f5 31. Qc4 b6 32. Qg8+ Kf6 33.
Qf8+ Kg6 34. Qg8+ Kf6 35. Qa8 Qe7 36. Kf1 Qd7 37. Qh8+ Kg6 38. Qg8+ Kf6 39.
Qf8+ Kg6 40. Qg8+ Kf6 41. Kg2 Qb7+ 42. Kf1 Qd7 43. c4 Qd3+ 44. Kg2 Qe4+ 45. Kh2
Qf3 46. Kg1 Qd1+ 47. Kg2 Qd7 48. f4 Qg7 49. Qb8 Qe7 50. Qh8+ Qg7 51. Qe8 Qe7
52. Qh5 Qg7 53. b3 Qg6 54. Qh4+ Kg7 55. Qe7+ Qf7 56. Qg5+ Qg6 57. Qd8 Qe6 58.
Qg5+ Qg6 59. Qd8 Qe6 60. Qg5+ 1/2-1/2

[Event "HZ Chess Tournament 2024"]
[Site "Vlissingen, Netherlands"]
[Date "2024.08.06"]
[Round "5.29"]
[White "Kelder, Sjoerd"]
[Black "Krause, Thomas"]
[Result "1/2-1/2"]
[WhiteElo "1995"]
[BlackElo "2144"]
[PlyCount "103"]

1. e4 g6 2. d4 Bg7 3. Be3 d5 4. Nc3 dxe4 5. Nxe4 Nh6 6. Bc4 Nf5 7. Nf3 O-O 8.
O-O Nd7 9. Qd2 Nf6 10. Nxf6+ Bxf6 11. Rad1 Nxe3 12. Qxe3 Bf5 13. c3 Qd6 14.
Rfe1 Qc6 15. Bd3 Bg4 16. h3 Bxf3 17. Qxf3 Qxf3 18. gxf3 Rfd8 19. Kf1 Rd6 20.
Re4 a5 21. Bc2 Rad8 22. Ree1 Kf8 23. a4 e6 24. Rb1 b6 25. Rbd1 Ke7 26. Bb3 c6
27. Bc4 Kd7 28. Ke2 Kc7 29. Rd3 Rb8 30. Red1 b5 31. axb5 cxb5 32. Ba2 b4 33. c4
Rbd8 34. Ke3 a4 35. c5 R6d7 36. Bc4 Kc6 37. Ke4 Bg7 38. f4 h6 39. Ke3 g5 40.
fxg5 hxg5 41. R3d2 Bh6 42. Rd3 g4+ 43. Ke4 gxh3 44. Rxh3 Bg7 45. Rhd3 f5+ 46.
Ke3 e5 47. dxe5 Rxd3+ 48. Rxd3 Rxd3+ 49. Kxd3 Bxe5 50. Kc2 Kxc5 51. Be6 f4 52.
f3 1/2-1/2

[Event "HZ Chess Tournament 2024"]
[Site "Vlissingen, Netherlands"]
[Date "2024.08.06"]
[Round "5.30"]
[White "Hoffman, Ron"]
[Black "Abrahams, Daniel"]
[Result "1/2-1/2"]
[WhiteElo "1997"]
[BlackElo "2139"]
[PlyCount "156"]

1. d4 Nf6 2. Bf4 e6 3. e3 c5 4. Nf3 cxd4 5. exd4 Be7 6. c3 b6 7. h3 O-O 8. Bd3
Ba6 9. Bxa6 Nxa6 10. O-O Qc8 11. Nbd2 Nc7 12. a4 Ncd5 13. Bh2 a6 14. Qe2 d6 15.
Qc4 Qb7 16. Qb3 Qc6 17. c4 Nc7 18. Rfc1 Rab8 19. Qe3 Qd7 20. b3 Rfc8 21. Re1
Bf8 22. Bf4 h6 23. g4 b5 24. axb5 axb5 25. g5 hxg5 26. Bxg5 Nce8 27. Kh2 bxc4
28. bxc4 Qc7 29. Kh1 Ra8 30. Rg1 Rxa1 31. Rxa1 Qb7 32. Kh2 Qb2 33. Rb1 Qc2 34.
Rb5 Ra8 35. Qb3 Qh7 36. Qb1 Qxb1 37. Rxb1 Nd7 38. Rb7 Ndf6 39. Bxf6 Nxf6 40.
Ng5 Ra2 41. Ndf3 Rxf2+ 42. Kg1 Rc2 43. Rc7 Nd5 44. Rxf7 Rxc4 45. Rb7 Rb4 46.
Rxb4 Nxb4 47. Nxe6 Be7 48. Nf4 Kf7 49. Kf2 g5 50. Ne2 Ke6 51. Ke3 Nd5+ 52. Ke4
Bd8 53. Nh2 Ba5 54. Ng4 Be1 55. Kf3 Bd2 56. Ke4 Ne7 57. d5+ Kf7 58. Nd4 Kg6 59.
Nf3 Bc3 60. Ne3 Bf6 61. Nd2 Be5 62. Nf3 Bg3 63. Nd4 Ng8 64. Ng4 Be1 65. Nf5 Bb4
66. Nd4 Ba3 67. Nc6 Bc5 68. Nd8 Ne7 69. Ne6 Bb6 70. Nf8+ Kh5 71. Nf6+ Kh4 72.
Ne6 Ba5 73. Ne8 Bb4 74. N6g7 Bd2 75. Nf5+ Nxf5 76. Kxf5 Bc1 77. Kg6 Bd2 78. Kf5
Bc1 1/2-1/2

[Event "HZ Chess Tournament 2024"]
[Site "Vlissingen, Netherlands"]
[Date "2024.08.06"]
[Round "5.31"]
[White "De Rycke, Tyani"]
[Black "Haak, Eelco"]
[Result "1-0"]
[WhiteElo "2122"]
[BlackElo "1974"]
[PlyCount "91"]

1. e4 e6 2. d4 d5 3. exd5 exd5 4. Bd3 Nc6 5. c3 Bd6 6. Ne2 Qh4 7. Nd2 Bg4 8.
Qb3 O-O-O 9. Qxd5 Nf6 10. Nf3 Qxf2+ 11. Kxf2 Nxd5 12. Ng3 Bxg3+ 13. Kxg3 Bh5
14. Bd2 Bg6 15. Bb5 Nce7 16. Ne5 c6 17. Nxg6 fxg6 18. Bc4 Nf5+ 19. Kh3 Nfe3 20.
Bxe3 Nxe3 21. Be6+ Kc7 22. Rae1 Nd5 23. Rhf1 Nf6 24. Re5 h6 25. Rfe1 Rhf8 26.
g4 Nh7 27. Kg3 Ng5 28. R5e3 Nxe6 29. Rxe6 g5 30. Re7+ Rd7 31. Kg2 Kd8 32. Rxd7+
Kxd7 33. Re5 g6 34. h3 Kd6 35. Re3 Rf6 36. Re8 h5 37. Re5 Re6 38. Rxe6+ Kxe6
39. Kf3 Kd5 40. Ke3 b5 41. Kd3 c5 42. b3 cxd4 43. cxd4 a5 44. a3 a4 45. bxa4
bxa4 46. Kc3 1-0

[Event "HZ Chess Tournament 2024"]
[Site "Vlissingen, Netherlands"]
[Date "2024.08.06"]
[Round "5.32"]
[White "Morgenthaler, Nick"]
[Black "Coenen, Eduard"]
[Result "1/2-1/2"]
[WhiteElo "1958"]
[BlackElo "2117"]
[PlyCount "149"]

1. d4 g6 2. e4 d6 3. Nc3 c6 4. f4 d5 5. e5 h5 6. Bd3 Nh6 7. Be3 Bf5 8. Nf3 e6
9. Ne2 Qb6 10. O-O c5 11. dxc5 Bxc5 12. Bxc5 Qxc5+ 13. Ned4 Nc6 14. c3 Rc8 15.
Qd2 Qb6 16. Kh1 Bxd3 17. Qxd3 Nxd4 18. Qxd4 Qa6 19. Qd2 Nf5 20. Nd4 Nxd4 21.
Qxd4 Rc4 22. Qf2 b5 23. Qh4 Qc8 24. h3 b4 25. Qf6 Rf8 26. cxb4 Rxb4 27. b3 Kd7
28. Rad1 Rb6 29. g4 hxg4 30. hxg4 Rc6 31. Rf2 Qd8 32. Qxd8+ Rxd8 33. f5 gxf5
34. gxf5 Rh8+ 35. Kg2 exf5 36. Rxd5+ Ke6 37. Rd6+ Rxd6 38. exd6 Re8 39. Kf1 Rd8
40. Rf4 Rxd6 41. Ra4 a6 42. Ra5 Kf6 43. b4 Kg5 44. b5 axb5 45. Rxb5 Rd2 46. a4
Ra2 47. Rb7 Rxa4 48. Rxf7 Kg4 49. Kf2 Kf4 50. Rf8 Ra2+ 51. Kg1 Kg4 52. Rg8+ Kf3
53. Rf8 f4 54. Rf7 Ra1+ 55. Kh2 Rf1 56. Rf8 Ke2 57. Re8+ Kf2 58. Rf8 f3 59. Ra8
Re1 60. Ra2+ Re2 61. Ra1 Rd2 62. Rb1 Re2 63. Ra1 Re1 64. Ra2+ Ke3 65. Ra3+ Kf4
66. Ra4+ Re4 67. Ra8 Re1 68. Ra4+ Ke3 69. Ra3+ Kf2 70. Ra2+ Re2 71. Ra1 Ke3+
72. Kg1 Kf4 73. Ra8 Re1+ 74. Kf2 Re2+ 75. Kf1 1/2-1/2

[Event "HZ Chess Tournament 2024"]
[Site "Vlissingen, Netherlands"]
[Date "2024.08.06"]
[Round "5.33"]
[White "Merz, Leander"]
[Black "Kools, Thomas"]
[Result "0-1"]
[WhiteElo "1950"]
[BlackElo "2116"]
[PlyCount "60"]

1. e4 e5 2. Nf3 Nc6 3. Bc4 Nf6 4. d4 exd4 5. e5 d5 6. Bb5 Ne4 7. Nxd4 Bd7 8.
Bxc6 bxc6 9. O-O Bc5 10. f3 Ng5 11. f4 Ne4 12. Be3 Qe7 13. Nd2 Nxd2 14. Qxd2
O-O 15. Rae1 Bb6 16. Nb3 Bf5 17. a4 a5 18. Qc3 Qb4 19. Qxc6 Bxe3+ 20. Rxe3 d4
21. Rg3 d3 22. Qf6 Bg6 23. Qg5 h6 24. Qg4 dxc2 25. Qh3 Rad8 26. Qg4 Rd3 27. Nc1
Qd4+ 28. Kh1 Rd1 29. Qe2 Qd2 30. Rg1 Qxc1 0-1

[Event "HZ Chess Tournament 2024"]
[Site "Vlissingen, Netherlands"]
[Date "2024.08.06"]
[Round "5.34"]
[White "Van Rootselaar, Rik"]
[Black "Kalle, Erwin"]
[Result "1/2-1/2"]
[WhiteElo "2152"]
[BlackElo "1998"]
[PlyCount "85"]

1. d4 Nf6 2. c4 g6 3. Nf3 Bg7 4. g3 O-O 5. Bg2 d5 6. cxd5 Nxd5 7. O-O Nb6 8.
Nc3 Nc6 9. e3 a5 10. Qe2 a4 11. Rd1 Bf5 12. d5 Na5 13. e4 Bg4 14. h3 Bxf3 15.
Bxf3 Nac4 16. Rb1 Qd7 17. Bg4 Qd6 18. Bf4 Qc5 19. e5 Rfd8 20. Bf3 g5 21. Ne4
Qa5 22. Nxg5 h6 23. Nxf7 Kxf7 24. Bh5+ Kg8 25. Qg4 Rxd5 26. Bxh6 Rxd1+ 27. Rxd1
Qxe5 28. Rc1 Rf8 29. Bxg7 Qxg7 30. Rxc4 Nxc4 31. Qxc4+ Kh8 32. Qe2 Qd4 33. Bf3
b6 34. h4 e5 35. Be4 Rxf2 36. Qxf2 Qxe4 37. Kh2 Qd4 38. Qf8+ Kh7 39. Qf7+ Kh6
40. Qf6+ Kh7 41. Qf7+ Kh8 42. Kh3 Qxb2 43. Qf8+ 1/2-1/2

[Event "HZ Chess Tournament 2024"]
[Site "Vlissingen, Netherlands"]
[Date "2024.08.06"]
[Round "5.35"]
[White "Schuil, Jeroen"]
[Black "Lacrosse, Marc"]
[Result "0-1"]
[WhiteElo "1949"]
[BlackElo "2112"]
[PlyCount "42"]

1. d4 d5 2. c4 e6 3. Nc3 Nf6 4. cxd5 exd5 5. Bg5 Be7 6. Qc2 O-O 7. e3 Re8 8.
Bd3 h6 9. Bh4 c5 10. Nge2 Nc6 11. a3 cxd4 12. exd4 Bd6 13. Bg3 Nxd4 14. Qd1
Nxe2 15. Nxe2 Bxg3 16. hxg3 Qb6 17. Qd2 Bg4 18. O-O Bxe2 19. Bxe2 Ne4 20. Qxd5
Red8 21. Qb5 Nxg3 0-1

[Event "HZ Chess Tournament 2024"]
[Site "Vlissingen, Netherlands"]
[Date "2024.08.06"]
[Round "5.36"]
[White "Wink, Luka"]
[Black "Boecker, Juergen"]
[Result "1-0"]
[WhiteElo "2090"]
[BlackElo "1945"]
[PlyCount "47"]

1. e4 e5 2. Bc4 Nf6 3. d3 c6 4. Nf3 d5 5. Bb3 a5 6. a4 Bb4+ 7. c3 Bd6 8. exd5
cxd5 9. Bg5 Be6 10. Na3 Nc6 11. Nb5 Bb8 12. O-O h6 13. Bh4 O-O 14. Re1 Re8 15.
Nd2 Qe7 16. Nf1 Rd8 17. d4 e4 18. f3 g5 19. Bg3 exf3 20. Qxf3 Kg7 21. Bxb8
Raxb8 22. Ng3 Qd7 23. Bc2 Ne7 24. Qxf6+ 1-0

[Event "HZ Chess Tournament 2024"]
[Site "Vlissingen, Netherlands"]
[Date "2024.08.06"]
[Round "5.37"]
[White "Galle, Andre"]
[Black "Nieuwelink, Kees"]
[Result "0-1"]
[WhiteElo "1942"]
[BlackElo "2084"]
[PlyCount "58"]

1. d4 f5 2. Nf3 Nf6 3. c4 g6 4. g3 Bg7 5. Bg2 O-O 6. Nc3 d6 7. O-O c6 8. d5 Bd7
9. Nd4 Qb6 10. Nc2 Na6 11. Be3 Qd8 12. b3 Rc8 13. Rc1 Nc5 14. h3 a5 15. Kh2 Qe8
16. Qd2 Qf7 17. Rfd1 Nfe4 18. Nxe4 Nxe4 19. Qxa5 cxd5 20. Rxd5 Ra8 21. Qb6 Bc6
22. Ra5 Bc3 23. Rxa8 Rxa8 24. a4 e5 25. Nb4 Bxb4 26. Qxb4 f4 27. gxf4 exf4 28.
Bd4 f3 29. Bxf3 Qf4+ 0-1

[Event "HZ Chess Tournament 2024"]
[Site "Vlissingen, Netherlands"]
[Date "2024.08.06"]
[Round "5.38"]
[White "Marzano, Carlo"]
[Black "Hummel, Dick"]
[Result "1-0"]
[WhiteElo "2079"]
[BlackElo "1945"]
[PlyCount "39"]

1. d4 d5 2. c4 e6 3. Nc3 Be7 4. cxd5 exd5 5. Bf4 Nf6 6. e3 a6 7. h3 c5 8. dxc5
Bxc5 9. Rc1 Qb6 10. a3 Qd8 11. Nxd5 Nxd5 12. Rxc5 Be6 13. Bxb8 Rxb8 14. Bc4 Qb6
15. Qd4 Nc7 16. Bxe6 fxe6 17. Qxg7 Qxc5 18. Qxh8+ Kd7 19. Qxb8 Qc6 20. Ne2 1-0

[Event "HZ Chess Tournament 2024"]
[Site "Vlissingen, Netherlands"]
[Date "2024.08.06"]
[Round "5.39"]
[White "Heuveling, Gijs-Cor"]
[Black "Van der Zalm, Marnix"]
[Result "0-1"]
[WhiteElo "1930"]
[BlackElo "2071"]
[PlyCount "117"]

1. c4 f5 2. Nc3 Nf6 3. d4 d6 4. e3 g6 5. Bd3 Bg7 6. Nge2 e5 7. f3 O-O 8. O-O
Nc6 9. a3 a5 10. d5 Ne7 11. Bd2 Bd7 12. a4 c6 13. dxc6 bxc6 14. Rb1 Qb6 15. Kh1
d5 16. Na2 e4 17. Bc2 exf3 18. Rxf3 dxc4 19. b4 cxb3 20. Bxb3+ Kh8 21. Bc3 Qc7
22. Bd4 Ned5 23. Qc2 Be6 24. Rc1 Ng4 25. Bxg7+ Kxg7 26. g3 Qe5 27. Nf4 Nxf4 28.
exf4 Bxb3 29. fxe5 Bxc2 30. Rxc2 Rfe8 31. Rxc6 Rxe5 32. h3 Re1+ 33. Kg2 Re2+
34. Kg1 Rxa2 35. hxg4 fxg4 36. Rc7+ Kh6 37. Rff7 Re8 38. Rxh7+ Kg5 39. Rc5+ Kf6
40. Rc1 Re5 41. Rc6+ Kg5 42. Kf1 Ra1+ 43. Kf2 Ra2+ 44. Kf1 Rae2 45. Rc1 R2e4
46. Rc2 Rf5+ 47. Kg2 Rxa4 48. Rh1 Ra3 49. Rb1 a4 50. Rc4 Rb3 51. Ra1 a3 52. Ra4
Rff3 53. Ra5+ Kf6 54. Ra6+ Kg5 55. Ra5+ Kh6 56. Rh1+ Kg7 57. Ra7+ Rf7 58. Ra4
Rb2+ 59. Kg1 0-1